[Event "Moratalaz Open 2007"]
[Site "Madrid ESP"]
[Date "2007.09.17"]
[Round "3.16"]
[White "Camarero Izquierdo, Juan Carlos"]
[Black "Durao, Joaquim"]
[Result "0-1"]
[WhiteElo "1981"]
[BlackElo "2121"]
[PlyCount "76"]
[EventDate "2007.09.15"]
[EventType "swiss"]
[EventRounds "9"]
[EventCountry "ESP"]
[Source "lmi"]
[SourceDate "2007.09.13"]

1. e4 e6 2. d4 d5 3. e5 c5 4. c3 Nc6 5. Nf3 Bd7 6. Bd3 Qb6 7. dxc5 Bxc5 8. O-O
O-O-O 9. b4 Be7 10. a4 f6 11. Bf4 g5 12. Bg3 f5 13. a5 Qc7 14. h3 f4 15. Bh2
Nxe5 16. Nxe5 Qxe5 17. b5 Nf6 18. b6 a6 19. Re1 Qd6 20. Qe2 Qc6 21. Nd2 Rhe8
22. Nf3 Ne4 23. Ne5 Nxc3 24. Qf1 Qc5 25. Bxa6 Bb5 26. Nd3 Bxa6 27. Rec1 d4 28.
Qe1 Bxd3 29. Qxe6+ Kb8 30. Kh1 Bf8 31. Qg4 Be2 32. f3 Bd3 33. Bg1 Bg7 34. Qh5
Bg6 35. Qg4 h5 36. Rxc3 Qxc3 37. Qxg5 Qxa1 38. Qxg6 Re1 0-1

[Event "Moratalaz Open 2007"]
[Site "Madrid ESP"]
[Date "2007.09.17"]
[Round "3.17"]
[White "Martin Consuegra, Barrilero Javier"]
[Black "Garcia Gutierrez, Jose"]
[Result "1-0"]
[WhiteElo "1970"]
[BlackElo "2091"]
[PlyCount "63"]
[EventDate "2007.09.15"]
[EventType "swiss"]
[EventRounds "9"]
[EventCountry "ESP"]
[Source "lmi"]
[SourceDate "2007.09.13"]

1. d4 d5 2. Bg5 Qd6 3. c3 h6 4. Bh4 Nf6 5. Nf3 Bf5 6. Nbd2 Nbd7 7. h3 Ne4 8.
Nxe4 dxe4 9. Nd2 e3 10. fxe3 Nf6 11. Qb3 O-O-O 12. g4 Be6 13. c4 g5 14. Bf2 h5
15. Bg2 c6 16. e4 Qc7 17. d5 Qa5 18. O-O-O cxd5 19. cxd5 Bd7 20. Bg3 Ba4 21.
Qc4+ Kd7 22. Nb3 Bxb3 23. Qxb3 Qa6 24. e5 Rc8+ 25. Kb1 Ne8 26. Bf3 h4 27. Bh2
Bg7 28. d6 Rc6 29. Bxc6+ Qxc6 30. Qxf7 Qe4+ 31. Ka1 Bxe5 32. Qxe7+ 1-0

[Event "Moratalaz Open 2007"]
[Site "Madrid ESP"]
[Date "2007.09.17"]
[Round "3.18"]
[White "Taveira Jimenez, Manuel"]
[Black "Baldwin del Castillo, Ricardo"]
[Result "0-1"]
[WhiteElo "2082"]
[BlackElo "1965"]
[PlyCount "44"]
[EventDate "2007.09.15"]
[EventType "swiss"]
[EventRounds "9"]
[EventCountry "ESP"]
[Source "lmi"]
[SourceDate "2007.09.13"]

1. e4 c5 2. d4 cxd4 3. Nf3 d6 4. Nxd4 Nf6 5. Nc3 a6 6. Be2 e5 7. Nb3 Be7 8. O-O
Be6 9. f4 Qc7 10. f5 Bc4 11. g4 h6 12. Be3 Nbd7 13. Nd2 d5 14. Bxc4 dxc4 15. a4
Nc5 16. Qe2 Qc6 17. Bf2 Rd8 18. a5 Rxd2 19. Qxd2 Ncxe4 20. Nxe4 Nxe4 21. Qe2
Ng5 22. Qe3 Nf3+ 0-1

[Event "Moratalaz Open 2007"]
[Site "Madrid ESP"]
[Date "2007.09.17"]
[Round "3.19"]
[White "Gomez Feria, JM."]
[Black "Castejon Caballero, Natalia"]
[Result "0-1"]
[WhiteElo "1951"]
[BlackElo "2060"]
[PlyCount "116"]
[EventDate "2007.09.15"]
[EventType "swiss"]
[EventRounds "9"]
[EventCountry "ESP"]
[Source "lmi"]
[SourceDate "2007.09.13"]

1. Nf3 d5 2. c4 c6 3. b3 Bg4 4. Ne5 Bf5 5. g4 Be6 6. f4 Nd7 7. Nxd7 Bxd7 8. e3
e5 9. h4 Be7 10. g5 h6 11. Bg2 exf4 12. exf4 Qc7 13. Qf3 O-O-O 14. Bb2 Re8 15.
Kd1 hxg5 16. fxg5 f6 17. g6 dxc4 18. bxc4 Qa5 19. Nc3 Qb4 20. Kc2 Qxc4 21. h5
Nh6 22. Rae1 Nf5 23. Kb1 Nd4 24. Qg3 Bf5+ 25. Be4 Be6 26. Bd3 Qb4 27. Rh4 Bd6
28. Qf2 Be5 29. Ree4 Rd8 30. Rxe5 fxe5 31. Qe3 Qa5 32. h6 Rxh6 33. Rxh6 gxh6
34. Qxh6 Nb5 35. Bxb5 cxb5 36. g7 Qb6 37. Qg5 Qd4 38. Kc2 Qc5 39. Qg6 Bxa2 40.
Qg4+ Kb8 41. Qg5 Rc8 42. Kd1 Bb3+ 43. Ke1 Qd4 44. Nd1 Qe4+ 45. Kf2 Qf4+ 46.
Qxf4 exf4 47. Be5+ Ka8 48. Nc3 b4 49. Nb5 b6 50. Nd4 Bg8 51. Nf5 Re8 52. Bb2 a5
53. Kf3 a4 54. Nd6 Rd8 55. Ne4 a3 56. Bc1 Bd5 57. d3 Rg8 58. Bxf4 b3 0-1

[Event "Moratalaz Open 2007"]
[Site "Madrid ESP"]
[Date "2007.09.17"]
[Round "3.20"]
[White "Garcia Garcia, Ruben"]
[Black "Mansilla Tolosa, Luis Eduardo"]
[Result "1/2-1/2"]
[WhiteElo "1888"]
[BlackElo "2040"]
[PlyCount "121"]
[EventDate "2007.09.15"]
[EventType "swiss"]
[EventRounds "9"]
[EventCountry "ESP"]
[Source "lmi"]
[SourceDate "2007.09.13"]

1. e4 c5 2. Nf3 d6 3. d4 cxd4 4. Nxd4 Nf6 5. Nc3 a6 6. Bc4 e6 7. Bb3 Be7 8. O-O
O-O 9. f4 Qc7 10. f5 e5 11. Nde2 Nbd7 12. Nd5 Nxd5 13. Bxd5 Nf6 14. Nc3 Bd7 15.
Kh1 Bc6 16. Bg5 Nxd5 17. Nxd5 Bxd5 18. Bxe7 Qxe7 19. Qxd5 Rac8 20. c3 Rc5 21.
Qb3 Rb5 22. Qc2 f6 23. Rad1 Rd8 24. Rd2 Rc5 25. Rfd1 b5 26. Rd5 Rxd5 27. Rxd5
Qc7 28. Qd3 Kf7 29. a4 Qc4 30. axb5 axb5 31. Qxc4 bxc4 32. Rb5 Rd7 33. Kg1 g6
34. g4 h5 35. h3 hxg4 36. hxg4 gxf5 37. gxf5 Kg7 38. Kf2 Kh6 39. Kf3 Kg5 40.
Rb8 d5 41. Rg8+ Kh6 42. Rg6+ Kh5 43. exd5 Rxd5 44. Rxf6 Kg5 45. Rc6 Kxf5 46.
Rxc4 Rd3+ 47. Ke2 Rh3 48. b4 e4 49. Rc8 Kf4 50. Rf8+ Ke5 51. c4 Kd4 52. c5 Rh2+
53. Rf2 Rh6 54. Rf8 Rh2+ 55. Kd1 Rh6 56. Rc8 Rh1+ 57. Ke2 Rh2+ 58. Kf1 Kc4 59.
c6 Kb5 60. Re8 Kxc6 61. Rxe4 1/2-1/2

[Event "Moratalaz Open 2007"]
[Site "Madrid ESP"]
[Date "2007.09.18"]
[Round "4.1"]
[White "Estrada Martinez, Cesar"]
[Black "Vazquez, Renier"]
[Result "0-1"]
[WhiteElo "2211"]
[BlackElo "2553"]
[PlyCount "116"]
[EventDate "2007.09.15"]
[EventType "swiss"]
[EventRounds "9"]
[EventCountry "ESP"]
[Source "lmi"]
[SourceDate "2007.09.13"]

1. Nf3 Nf6 2. c4 g6 3. Nc3 d5 4. cxd5 Nxd5 5. g3 Bg7 6. Bg2 Nb6 7. O-O O-O 8.
d4 Nc6 9. e3 e5 10. dxe5 Nxe5 11. Nxe5 Bxe5 12. e4 Qxd1 13. Rxd1 Be6 14. Bf4
Bxf4 15. gxf4 c6 16. b3 a5 17. Rd4 Rfd8 18. Rad1 Rxd4 19. Rxd4 Kf8 20. Bf1 Ke7
21. f3 Nd7 22. Kf2 b5 23. Ke3 Nb6 24. Rd2 b4 25. Ne2 c5 26. Nc1 a4 27. Rc2 axb3
28. axb3 Ra5 29. Be2 Kd6 30. Bd1 Ra3 31. Rd2+ Kc6 32. Kf2 Ra1 33. Nd3 Nd7 34.
Ke3 Ra3 35. Rb2 c4 36. Nxb4+ Kc5 37. Nd5 Bxd5 38. exd5 Nb6 39. Ke4 Nxd5 40. Rc2
f5+ 41. Ke5 Ne3 42. Rc1 Nxd1 43. Rxc4+ Kb6 44. Rb4+ Ka5 45. Rc4 Kb5 46. Rc7
Rxb3 47. Rb7+ Kc4 48. Rc7+ Kd3 49. Rxh7 Rb6 50. h4 Ne3 51. h5 Rb5+ 52. Ke6 gxh5
53. Rxh5 Ke2 54. Rh3 Kf2 55. Kf6 Kg2 56. Rh8 Kxf3 57. Kg5 Rb1 58. Rh3+ Ke4 0-1

[Event "Moratalaz Open 2007"]
[Site "Madrid ESP"]
[Date "2007.09.18"]
[Round "4.2"]
[White "Moreno Ruiz, Javier"]
[Black "De la Fuente Gonzalez, Francisco"]
[Result "1-0"]
[WhiteElo "2466"]
[BlackElo "2230"]
[PlyCount "53"]
[EventDate "2007.09.15"]
[EventType "swiss"]
[EventRounds "9"]
[EventCountry "ESP"]
[Source "lmi"]
[SourceDate "2007.09.13"]

1. d4 d5 2. c4 c6 3. Nc3 Nf6 4. e3 e6 5. Nf3 Nbd7 6. Bd3 dxc4 7. Bxc4 b5 8. Be2
a6 9. O-O c5 10. d5 exd5 11. Nxd5 Bb7 12. Nxf6+ Nxf6 13. a4 Qxd1 14. Rxd1 b4
15. Ne5 Be7 16. f3 O-O 17. e4 Rad8 18. Be3 a5 19. Bc4 Rd6 20. Nxf7 Rxf7 21. e5
Rxd1+ 22. Rxd1 Bc6 23. exf6 gxf6 24. Rc1 Bxa4 25. Ra1 Bc2 26. Rxa5 Kg7 27. Ra7
1-0

[Event "Moratalaz Open 2007"]
[Site "Madrid ESP"]
[Date "2007.09.18"]
[Round "4.3"]
[White "Madina, Martin"]
[Black "Barez Menendez, Hector"]
[Result "1/2-1/2"]
[WhiteElo "2344"]
[BlackElo "2169"]
[PlyCount "67"]
[EventDate "2007.09.15"]
[EventType "swiss"]
[EventRounds "9"]
[EventCountry "ESP"]
[Source "lmi"]
[SourceDate "2007.09.13"]

1. e4 e5 2. Nc3 Nf6 3. g3 d5 4. exd5 Nxd5 5. Nge2 Nc6 6. Bg2 Nb6 7. d3 Bc5 8.
Ne4 Be7 9. f4 Bg4 10. Nf2 Bxe2 11. Bxc6+ bxc6 12. Qxe2 exf4 13. Bxf4 O-O 14.
O-O Nd5 15. Bd2 Rb8 16. c4 Nf6 17. Bc3 Bc5 18. Qf3 Bd4 19. Bxd4 Qxd4 20. b3 c5
21. Rae1 a5 22. Kh1 a4 23. bxa4 Rb4 24. Ne4 Nxe4 25. Rxe4 Qd6 26. Re8 Qd7 27.
Rxf8+ Kxf8 28. Qa8+ Qe8 29. Qxe8+ Kxe8 30. Rf5 Rxa4 31. Rxc5 Kd7 32. Rf5 Ke6
33. Rf2 c5 34. Re2+ 1/2-1/2

[Event "Moratalaz Open 2007"]
[Site "Madrid ESP"]
[Date "2007.09.18"]
[Round "4.5"]
[White "Roa Alonso, Santiago"]
[Black "Ivanovich Balsinde, Nicholas"]
[Result "1-0"]
[WhiteElo "2445"]
[BlackElo "2151"]
[PlyCount "67"]
[EventDate "2007.09.15"]
[EventType "swiss"]
[EventRounds "9"]
[EventCountry "ESP"]
[Source "lmi"]
[SourceDate "2007.09.13"]

1. e4 e5 2. Nf3 Nc6 3. Bc4 Nf6 4. d3 Bc5 5. c3 d6 6. Bb3 a6 7. Nbd2 O-O 8. h3
Ba7 9. Nf1 Ne7 10. Ng3 Ng6 11. O-O h6 12. Be3 Re8 13. Qd2 Bxe3 14. fxe3 Be6 15.
Bc2 c6 16. d4 Qc7 17. Rf2 Rad8 18. Raf1 b5 19. b3 a5 20. Nh2 Nh7 21. d5 Bc8 22.
Rxf7 Qxf7 23. Rxf7 Kxf7 24. dxc6 Nf6 25. Bd3 d5 26. exd5 Nxd5 27. c4 bxc4 28.
Bxc4 Be6 29. Qxa5 Nge7 30. c7 Ra8 31. Qc5 Rec8 32. Nf3 Rxc7 33. Nxe5+ Kg8 34.
Qd6 1-0

[Event "Moratalaz Open 2007"]
[Site "Madrid ESP"]
[Date "2007.09.18"]
[Round "4.6"]
[White "Elissalt Cardenas, Hector"]
[Black "Sanchez Alvarez, Jorge"]
[Result "1/2-1/2"]
[WhiteElo "2329"]
[BlackElo "2139"]
[PlyCount "60"]
[EventDate "2007.09.15"]
[EventType "swiss"]
[EventRounds "9"]
[EventCountry "ESP"]
[Source "lmi"]
[SourceDate "2007.09.13"]

1. d4 d5 2. Nf3 Nf6 3. e3 e6 4. Nbd2 Nbd7 5. Bd3 Bd6 6. c4 b6 7. e4 dxe4 8.
Nxe4 Bb7 9. Nxd6+ cxd6 10. O-O d5 11. b3 O-O 12. Bb2 Rc8 13. Qe2 Re8 14. Rfe1
Nf8 15. Ne5 Ng6 16. Qe3 Nd7 17. Rad1 Ndxe5 18. dxe5 Qh4 19. g3 Qe7 20. h4 h6
21. h5 Nf8 22. Qf4 Red8 23. cxd5 Rxd5 24. Bb1 Rcd8 25. Rxd5 Rxd5 26. Bc3 Qd7
27. Be4 Rd1 28. Bxb7 Rxe1+ 29. Bxe1 Qxb7 30. Qe3 Qc6 1/2-1/2

[Event "Moratalaz Open 2007"]
[Site "Madrid ESP"]
[Date "2007.09.18"]
[Round "4.8"]
[White "Baldwin del Castillo, Ricardo"]
[Black "Gago Padreny, Ignacio"]
[Result "0-1"]
[WhiteElo "1965"]
[BlackElo "2124"]
[PlyCount "82"]
[EventDate "2007.09.15"]
[EventType "swiss"]
[EventRounds "9"]
[EventCountry "ESP"]
[Source "lmi"]
[SourceDate "2007.09.13"]

1. c4 e5 2. Nc3 Nf6 3. Nf3 Nc6 4. g3 Bb4 5. Bg2 O-O 6. O-O e4 7. Ng5 Bxc3 8.
bxc3 Re8 9. d4 h6 10. Nh3 b6 11. Qa4 Na5 12. Re1 d6 13. c5 Bd7 14. Qc2 Qc8 15.
Nf4 g5 16. c6 Nxc6 17. Nd3 exd3 18. Qxd3 d5 19. h4 g4 20. Bxh6 Bf5 21. Qd2 Bg6
22. h5 Nxh5 23. Bxd5 Qd7 24. e4 Rac8 25. Qg5 Kh7 26. Bb3 Ne7 27. Qd2 Ng8 28.
Bg5 Rxe4 29. Be3 Ngf6 30. d5 Ree8 31. Rad1 Qf5 32. Rc1 Qf3 33. Bd1 Qxd5 34.
Qxd5 Nxd5 35. Bxg4 f5 36. Bxh5 Bxh5 37. Bd4 c5 38. Be5 Bf3 39. c4 Kg6 40. cxd5
Rh8 41. Bxh8 Rxh8 0-1

[Event "Moratalaz Open 2007"]
[Site "Madrid ESP"]
[Date "2007.09.18"]
[Round "4.9"]
[White "Durao, Joaquim"]
[Black "Arauz Alonso, Fernando"]
[Result "1-0"]
[WhiteElo "2121"]
[BlackElo "1967"]
[PlyCount "85"]
[EventDate "2007.09.15"]
[EventType "swiss"]
[EventRounds "9"]
[EventCountry "ESP"]
[Source "lmi"]
[SourceDate "2007.09.13"]

1. e4 c6 2. Nc3 d5 3. Nf3 Bg4 4. h3 Bxf3 5. Qxf3 e6 6. d3 Nf6 7. a3 Nbd7 8. g4
g6 9. Bg2 d4 10. Ne2 e5 11. Qg3 Qb6 12. O-O O-O-O 13. b4 Ne8 14. f4 Bg7 15.
fxe5 Bxe5 16. Bf4 Qc7 17. a4 Ng7 18. b5 c5 19. h4 h6 20. a5 Qd6 21. b6 a6 22.
Rac1 g5 23. Bxe5 Nxe5 24. h5 Ne6 25. Rf5 Nc6 26. e5 Qd7 27. Bxc6 bxc6 28. Rcf1
Rh7 29. Qf3 Rf8 30. Ng3 Qd5 31. Ne4 Nf4 32. Rf6 Kb8 33. Rxf4 gxf4 34. Qxf4 Rg7
35. e6+ Ka8 36. e7 Rfg8 37. Qc7 Rxg4+ 38. Kf2 Qf5+ 39. Ke1 Rxe4+ 40. dxe4 Qxe4+
41. Kd1 Qg4+ 42. Kc1 Qf4+ 43. Rxf4 1-0

[Event "Moratalaz Open 2007"]
[Site "Madrid ESP"]
[Date "2007.09.18"]
[Round "4.10"]
[White "Nieto de la Cruz, Julio"]
[Black "Sanchez Gonzalez, Sergio"]
[Result "0-1"]
[WhiteElo "1625"]
[BlackElo "2098"]
[PlyCount "50"]
[EventDate "2007.09.15"]
[EventType "swiss"]
[EventRounds "9"]
[EventCountry "ESP"]
[Source "lmi"]
[SourceDate "2007.09.13"]

1. d4 Nf6 2. c4 e6 3. Nf3 Bb4+ 4. Bd2 a5 5. e3 d6 6. Bd3 Nbd7 7. O-O e5 8. Qc2
O-O 9. a3 Bxd2 10. Nbxd2 a4 11. Rac1 Re8 12. Ng5 Nf8 13. Nde4 Nxe4 14. Nxe4
exd4 15. exd4 Ne6 16. d5 Nd4 17. Qc3 Rxe4 18. Rce1 Rxe1 19. Rxe1 Nb3 20. Re3
Bd7 21. Rg3 g6 22. f4 Nc5 23. Bc2 Qc8 24. Qf6 Qe8 25. h4 Ne4 0-1

[Event "Moratalaz Open 2007"]
[Site "Madrid ESP"]
[Date "2007.09.18"]
[Round "4.11"]
[White "Perez Pascual, Arturo"]
[Black "Korneev, Oleg"]
[Result "0-1"]
[WhiteElo "2020"]
[BlackElo "2565"]
[PlyCount "25"]
[EventDate "2007.09.15"]
[EventType "swiss"]
[EventRounds "9"]
[EventCountry "ESP"]
[Source "lmi"]
[SourceDate "2007.09.13"]

1. e4 c5 2. Nf3 e6 3. d4 cxd4 4. Nxd4 a6 5. Be2 Nf6 6. Nc3 Qc7 7. O-O Bc5 8.
Be3 d6 9. f4 b5 10. Bf3 e5 11. fxe5 dxe5 12. Bf2 exd4 13. Bxd4 0-1

[Event "Moratalaz Open 2007"]
[Site "Madrid ESP"]
[Date "2007.09.18"]
[Round "4.12"]
[White "Cabanas Bravo, Juan Andres"]
[Black "Almagro Llanas, Pablo"]
[Result "0-1"]
[WhiteElo "2020"]
[BlackElo "2413"]
[PlyCount "80"]
[EventDate "2007.09.15"]
[EventType "swiss"]
[EventRounds "9"]
[EventCountry "ESP"]
[Source "lmi"]
[SourceDate "2007.09.13"]

1. e4 c6 2. Nc3 d5 3. Nf3 Bg4 4. h3 Bxf3 5. Qxf3 e6 6. d4 Qb6 7. Bd3 Qxd4 8.
O-O Nf6 9. Be3 Qb4 10. exd5 cxd5 11. Nb5 Na6 12. a3 Qh4 13. Nxa7 Bd6 14. Bb5+
Ke7 15. Rfd1 Nc7 16. c4 Qe4 17. Qxe4 Nxe4 18. Rac1 Rhd8 19. c5 Be5 20. c6 Rxa7
21. Bxa7 Nxb5 22. Bb6 Rb8 23. a4 bxc6 24. Rxc6 Nbd6 25. b3 Nc3 26. Rd3 Nde4 27.
Bc7 Rc8 28. Bxe5 Rxc6 29. Bxg7 Ne2+ 30. Kh2 Rc2 31. a5 f6 32. Bh6 Nc5 33. Rd2
Rxd2 34. Bxd2 Na6 35. b4 Nd4 36. Kg3 Kf7 37. f4 e5 38. fxe5 fxe5 39. Kg4 Kg6
40. Bc3 h5+ 0-1

[Event "Moratalaz Open 2007"]
[Site "Madrid ESP"]
[Date "2007.09.18"]
[Round "4.13"]
[White "Perez Mitjans, Orelvis"]
[Black "Adan, Segio"]
[Result "1-0"]
[WhiteElo "2412"]
[BlackElo "1991"]
[PlyCount "69"]
[EventDate "2007.09.15"]
[EventType "swiss"]
[EventRounds "9"]
[EventCountry "ESP"]
[Source "lmi"]
[SourceDate "2007.09.13"]

1. e4 c5 2. Nf3 Nc6 3. d4 cxd4 4. Nxd4 Nf6 5. Nc3 e5 6. Ndb5 h6 7. Nd5 Nxd5 8.
exd5 a6 9. Nc3 Nd4 10. Bd3 d6 11. O-O g6 12. a4 Bg7 13. a5 Bd7 14. Be3 Nf5 15.
Bb6 Qe7 16. Ne4 O-O 17. c4 Rfc8 18. b4 h5 19. c5 Bb5 20. Bxb5 axb5 21. cxd6
Nxd6 22. Bc5 Rxc5 23. Nxc5 e4 24. Rb1 Qg5 25. Qc1 Qxd5 26. Rd1 Qc6 27. Qf4 Bf8
28. Rbc1 Nc4 29. Rd7 f5 30. Rcd1 b6 31. Rc7 Qe8 32. Nd7 Qd8 33. Rc6 Kh7 34.
Nxf8+ Qxf8 35. Rd7+ 1-0

[Event "Moratalaz Open 2007"]
[Site "Madrid ESP"]
[Date "2007.09.18"]
[Round "4.14"]
[White "Solaesa Navalpotro, Luis Julio"]
[Black "Sanz Esteban, Eduardo"]
[Result "1-0"]
[WhiteElo "2291"]
[BlackElo "1937"]
[PlyCount "114"]
[EventDate "2007.09.15"]
[EventType "swiss"]
[EventRounds "9"]
[EventCountry "ESP"]
[Source "lmi"]
[SourceDate "2007.09.13"]

1. d4 d5 2. c4 e6 3. Nc3 c5 4. cxd5 exd5 5. Nf3 Nf6 6. g3 Be7 7. Bg2 Nc6 8. O-O
O-O 9. dxc5 Bxc5 10. Bg5 d4 11. Bxf6 Qxf6 12. Nd5 Qd8 13. Nd2 Re8 14. Rc1 Bb6
15. Nxb6 axb6 16. a3 Bg4 17. Bf3 Bxf3 18. Nxf3 Qf6 19. Qd3 Ne5 20. Nxe5 Qxe5
21. Rc2 Rac8 22. Rxc8 Rxc8 23. Rd1 g6 24. Kg2 Qd5+ 25. Qf3 Qxf3+ 26. Kxf3 Rc2
27. Rxd4 Rxb2 28. Rb4 Ra2 29. a4 Ra3+ 30. e3 Kg7 31. g4 Rc3 32. Rxb6 Rc4 33.
Rxb7 Rxa4 34. g5 Ra5 35. Kg4 Ra2 36. Kg3 Ra5 37. h4 Ra3 38. Kf4 Ra4+ 39. e4 Ra6
40. Kg4 Ra4 41. f3 Ra5 42. Rd7 Ra4 43. h5 Ra8 44. h6+ Kg8 45. Kf4 Re8 46. Ke3
Ra8 47. Kd4 Rc8 48. Kd5 Ra8 49. e5 Re8 50. Kd6 Re6+ 51. Kc7 Re8 52. Rd8 Rxd8
53. Kxd8 Kf8 54. Kd7 Kg8 55. Ke8 Kh8 56. Kf8 f5 57. gxf6 g5 1-0

[Event "Moratalaz Open 2007"]
[Site "Madrid ESP"]
[Date "2007.09.18"]
[Round "4.15"]
[White "Vukotic Jovsic, Dragan"]
[Black "Enjuto Velasco, Roberto"]
[Result "0-1"]
[WhiteElo "2018"]
[BlackElo "2183"]
[PlyCount "52"]
[EventDate "2007.09.15"]
[EventType "swiss"]
[EventRounds "9"]
[EventCountry "ESP"]
[Source "lmi"]
[SourceDate "2007.09.13"]

1. d4 Nf6 2. Nf3 e6 3. Bf4 c5 4. c3 b6 5. Nbd2 cxd4 6. cxd4 Bb7 7. e3 Be7 8.
Rc1 O-O 9. Bc7 Qe8 10. Bd3 Na6 11. Qa4 Nb4 12. Be2 Bc6 13. Qb3 Bd5 14. Bc4 Rc8
15. Be5 b5 16. Bxf6 gxf6 17. e4 bxc4 18. Qe3 Nd3+ 19. Ke2 Nxc1+ 20. Rxc1 Bb7
21. Qh6 Kh8 22. Rc3 Rg8 23. e5 Bxf3+ 24. Rxf3 fxe5 25. Rh3 Rg7 26. dxe5 Bg5 0-1

[Event "Moratalaz Open 2007"]
[Site "Madrid ESP"]
[Date "2007.09.18"]
[Round "4.16"]
[White "Marcos Herrero, Francisco"]
[Black "Unciti Juan, Javier"]
[Result "0-1"]
[WhiteElo "1940"]
[BlackElo "2139"]
[PlyCount "68"]
[EventDate "2007.09.15"]
[EventType "swiss"]
[EventRounds "9"]
[EventCountry "ESP"]
[Source "lmi"]
[SourceDate "2007.09.13"]

1. e4 d6 2. d4 Nf6 3. Nc3 Nbd7 4. f4 e5 5. Nf3 exf4 6. Bxf4 c6 7. Bd3 Nh5 8.
Be3 Ndf6 9. Qd2 Be6 10. Bg5 h6 11. Bh4 g5 12. Bf2 Nf4 13. Bf1 d5 14. e5 Ne4 15.
Nxe4 dxe4 16. Ng1 Nd5 17. h4 Be7 18. g3 Qb6 19. c3 O-O-O 20. Rh2 f5 21. exf6
Bxf6 22. Be3 Qc7 23. Ne2 Nxe3 24. Qxe3 gxh4 25. Qxe4 Rde8 26. Qf4 hxg3 27.
Qxc7+ Kxc7 28. Nxg3 Bg4+ 29. Kd2 Bg5+ 30. Kc2 Bf4 31. Rg2 h5 32. Ne2 Bg5 33. a4
Rhf8 34. Ng3 Bf3 0-1

[Event "Moratalaz Open 2007"]
[Site "Madrid ESP"]
[Date "2007.09.18"]
[Round "4.17"]
[White "Vega Gomez, Francisco Borja"]
[Black "Farmer Negrini, Leo"]
[Result "1-0"]
[WhiteElo "2117"]
[BlackElo "1907"]
[PlyCount "77"]
[EventDate "2007.09.15"]
[EventType "swiss"]
[EventRounds "9"]
[EventCountry "ESP"]
[Source "lmi"]
[SourceDate "2007.09.13"]

1. d4 Nf6 2. Nf3 d5 3. c4 e6 4. g3 c5 5. Bg2 dxc4 6. Qa4+ Bd7 7. Qxc4 b5 8. Qc2
Nc6 9. dxc5 Nb4 10. Qb3 Qa5 11. Bd2 Bxc5 12. a3 Ne4 13. O-O Nxd2 14. Nfxd2 Nd5
15. Ne4 Be7 16. Nec3 O-O 17. Nxd5 exd5 18. Bxd5 Rac8 19. Nc3 a6 20. Rac1 Bg5
21. e3 Bh3 22. Bg2 Bxg2 23. Kxg2 Qb6 24. Nd5 Qb7 25. Kg1 Rxc1 26. Rxc1 Rd8 27.
Rd1 Re8 28. Qc2 h5 29. Qf5 f6 30. f4 Bh6 31. Nxf6+ gxf6 32. Qg6+ Kf8 33. Qxf6+
Qf7 34. Qxh6+ Kg8 35. Qg5+ Kf8 36. Rd5 Qg7 37. Rf5+ Kg8 38. Qxh5 Qd7 39. Qg6+
1-0

[Event "Moratalaz Open 2007"]
[Site "Madrid ESP"]
[Date "2007.09.18"]
[Round "4.18"]
[White "Tarin Casado, Francisco"]
[Black "Quintero Torres, Pedro"]
[Result "0-1"]
[WhiteElo "1906"]
[BlackElo "2084"]
[PlyCount "86"]
[EventDate "2007.09.15"]
[EventType "swiss"]
[EventRounds "9"]
[EventCountry "ESP"]
[Source "lmi"]
[SourceDate "2007.09.13"]

1. e4 c5 2. g3 Nc6 3. Bg2 e6 4. d3 d5 5. exd5 exd5 6. Ne2 Nf6 7. O-O Be7 8.
Nbc3 d4 9. Ne4 O-O 10. Nf4 Ne5 11. Re1 Ng6 12. h4 Nxf4 13. Bxf4 Nd5 14. Bd2 h6
15. f4 Be6 16. Nf2 Bf6 17. Ne4 Rc8 18. Qf3 Qd7 19. Nf2 Ne7 20. h5 Nc6 21. g4
Rfd8 22. g5 Be7 23. gxh6 gxh6 24. f5 Bxf5 25. Bxh6 Kh7 26. Ng4 Bh4 27. Ne5 Nxe5
28. Rxe5 Bg4 29. Qf4 Rg8 30. Be4+ f5 31. Bg2 Bf6 32. Rd5 Qe6 33. Rf1 Bh3 34.
Rxf5 Qc6 35. Qe4 Rxg2+ 36. Kh1 Qxe4 37. dxe4 Kxh6 38. Rxf6+ Kxh5 39. Rf8 Rxf8
40. Rxf8 Rxc2 41. Rh8+ Kg4 42. e5 Kg3 43. Rg8+ Bg4 0-1

[Event "Moratalaz Open 2007"]
[Site "Madrid ESP"]
[Date "2007.09.18"]
[Round "4.19"]
[White "Garcia Esteban, Juan Ignacio"]
[Black "Soler Polo, Diego"]
[Result "1-0"]
[WhiteElo "2080"]
[BlackElo "1905"]
[PlyCount "77"]
[EventDate "2007.09.15"]
[EventType "swiss"]
[EventRounds "9"]
[EventCountry "ESP"]
[Source "lmi"]
[SourceDate "2007.09.13"]

1. e4 c5 2. Nf3 d6 3. d4 cxd4 4. Nxd4 Nf6 5. Nc3 a6 6. a4 e6 7. Bd3 Be7 8. O-O
O-O 9. Be3 e5 10. Nf3 Nc6 11. Nd5 Nxd5 12. exd5 Nb4 13. Be2 Bf5 14. Ne1 Qc7 15.
c3 Nxd5 16. Qxd5 Be6 17. Qd2 f5 18. Bg5 Bxg5 19. Qxg5 Rf6 20. Qd2 d5 21. Nf3
Rh6 22. Ng5 e4 23. g3 Qe7 24. Nxe6 Qxe6 25. Rfd1 Rd8 26. Bf1 Qg6 27. Bg2 Qh5
28. h3 Qf7 29. Qe3 Rf6 30. c4 f4 31. gxf4 Rxf4 32. Rxd5 Rf8 33. Rd2 Qf5 34. Re1
Qg6 35. Qg3 e3 36. Qxe3 Rxc4 37. Qe6+ Qxe6 38. Rxe6 Rxa4 39. Bxb7 1-0

[Event "Moratalaz Open 2007"]
[Site "Madrid ESP"]
[Date "2007.09.18"]
[Round "4.20"]
[White "Cano Mercado, Francisco"]
[Black "Lopez Heras, Arturo"]
[Result "1-0"]
[WhiteElo "1897"]
[BlackElo "2073"]
[PlyCount "78"]
[EventDate "2007.09.15"]
[EventType "swiss"]
[EventRounds "9"]
[EventCountry "ESP"]
[Source "lmi"]
[SourceDate "2007.09.13"]

1. d4 Nf6 2. Bg5 e6 3. e4 Be7 4. e5 Nd5 5. Bxe7 Qxe7 6. c3 c5 7. Nf3 Nc6 8. Na3
cxd4 9. cxd4 O-O 10. Nb5 f6 11. Qd2 fxe5 12. dxe5 a6 13. Nc3 Nf4 14. O-O-O Qc5
15. Re1 b5 16. Kb1 Ng6 17. Qe3 Qe7 18. h4 Nf4 19. g3 b4 20. Na4 Nd5 21. Qe4 Rb8
22. Bd3 g6 23. h5 Rf5 24. hxg6 hxg6 25. Qg4 Qg7 26. Bxf5 exf5 27. Qg5 b3 28. a3
Nce7 29. Nc5 Rb5 30. Rc1 Kf7 31. Nh4 Qxe5 32. Rhe1 Nc3+ 33. bxc3 Qxc5 34. Rxe7+
Qxe7 35. Qxg6+ Kf8 36. Qh6+ Qg7 37. Ng6+ Kg8 38. Qg5 Kf7 39. Re1 Qxc3 1-0

[Event "Moratalaz Open 2007"]
[Site "Madrid ESP"]
[Date "2007.09.19"]
[Round "5.1"]
[White "Vazquez, Renier"]
[Black "Moreno Ruiz, Javier"]
[Result "1-0"]
[WhiteElo "2553"]
[BlackElo "2466"]
[PlyCount "111"]
[EventDate "2007.09.15"]
[EventType "swiss"]
[EventRounds "9"]
[EventCountry "ESP"]
[Source "lmi"]
[SourceDate "2007.09.13"]

1. Nf3 c5 2. c4 g6 3. Nc3 Bg7 4. g3 Nc6 5. Bg2 d6 6. a3 e5 7. O-O Nge7 8. b4
O-O 9. Rb1 Rb8 10. d3 b6 11. Bd2 Bb7 12. e4 h6 13. b5 Nd4 14. Nxd4 cxd4 15. Nd5
f5 16. f4 Nxd5 17. cxd5 a5 18. exf5 gxf5 19. fxe5 dxe5 20. Qh5 Bxd5 21. Bxd5+
Qxd5 22. Bxh6 Qf7 23. Qg5 Qf6 24. Qxg7+ Qxg7 25. Bxg7 Kxg7 26. Rbc1 Rbd8 27.
Rc6 Rf6 28. a4 Kg6 29. Kg2 Rdd6 30. Rfc1 e4 31. Kf2 Rfe6 32. Rxd6 Rxd6 33. Rc6
Rf6 34. Ke2 Kf7 35. g4 e3 36. g5 Re6 37. h4 f4 38. h5 Re5 39. Rf6+ Ke7 40. Rxf4
Rxg5 41. Re4+ Kf7 42. Rxd4 Rxh5 43. Re4 Rh1 44. d4 Rh5 45. Kd3 Kf6 46. Rxe3 Rh1
47. Kc4 Ra1 48. Kd5 Rxa4 49. Kc6 Rxd4 50. Kxb6 a4 51. Ka5 a3 52. Rxa3 Ke7 53.
Ka6 Kd7 54. Kb7 Kd8 55. b6 Rd6 56. Ka7 1-0